[Event "Oxford IM"]
[Site "Oxford"]
[Date "1998.12.23"]
[Round "9"]
[White "Brooke, John"]
[Black "Ciolac, Gheorghe"]
[Result "0-1"]
[WhiteElo "2010"]
[BlackElo "2375"]

1.d4 Nf6 2.c4 e6 3.Nc3 d5 4.Nf3 Be7 5.Bf4 O-O 6.e3 c5 7.dxc5 Bxc5 8.Qc2 Nc6
9.a3 Qa5 10.O-O-O Be7 11.h4 a6 12.Nd2 Qb6 13.f3 Bd7 14.Na4 Qa5 15.Nc3 Rfc8
16.Nb3 Qd8 17.cxd5 Nxd5 18.Kb1 Na5 19.Nxa5 Qxa5 20.Rxd5 exd5 21.Qb3 d4 22.Nd5 Qe1+
23.Ka2 Bd8 24.e4 Be6 25.Qd3 Rc5 26.Rh3 Rac8 27.Bd2 Bxd5+ 28.exd5 Qe5 29.Qb3 Qxd5
30.Bd3 Qxb3+ 31.Kxb3 Ba5 32.Bf4 Bc7 33.Bd2 Ba5 34.Bf4 Be1 35.h5 h6 36.Bd6 R5c6
37.Bf4 Bf2 38.Rh1 Rf6 39.Bd2 Rb6+ 40.Ka2 Be3 41.Ba5 Rf6 42.Bb4 Rc7 43.Kb3 g6
44.hxg6 fxg6 45.Bc4+ Kg7 46.Bd3 h5 47.Ka2 Re6 48.Be4 Kf6 49.Bd5 Re8 50.Be4 Rxe4
51.fxe4 Ke5 52.g4 Rc1 53.Rh3 hxg4 54.Rh6 Bxh6  0-1

[Event "AUT-chT 9899"]
[Site "AUT"]
[Date "1998.??.??"]
[Round "?"]
[White "Ribli, Zoltan"]
[Black "Pfleger, Helmut"]
[Result "1/2-1/2"]
[WhiteElo "2565"]
[BlackElo "2480"]

1.d4 Nf6 2.c4 e6 3.Nf3 d5 4.Nc3 Be7 5.Bf4 O-O 6.e3 c6 7.h3 b6 8.Bd3 dxc4
9.Bxc4 Bb7 10.O-O c5 11.dxc5 Bxc5 12.Qxd8 Rxd8 13.Ne5 Nc6 14.Nxc6 Bxc6 15.Rfd1 Kf8
16.a3 Ne4 17.Nxe4  1/2-1/2

[Event "AUT-chT 9899"]
[Site "AUT"]
[Date "1998.??.??"]
[Round "?"]
[White "Stanec, Nikolaus"]
[Black "Steflitsch, Erich"]
[Result "1-0"]
[WhiteElo "2485"]
[BlackElo "2305"]

1.c4 e6 2.d4 Nf6 3.Nf3 d5 4.Nc3 Be7 5.Bf4 O-O 6.e3 c5 7.dxc5 Bxc5 8.Be2 Nc6
9.O-O Qe7 10.cxd5 Rd8 11.Bg5 exd5 12.Nd4 h6 13.Bh4 a6 14.Rc1 Ba7 15.Bf3 g5
16.Bg3 Ne5 17.Be2 Ng6 18.Bd3 h5 19.Bxg6 fxg6 20.h4 Ng4 21.Nf3 gxh4 22.Bxh4 Nf6
23.Nd4 Qe5 24.Qb3 Bxd4 25.exd4 Qxd4 26.Bxf6 Qxf6 27.Nxd5 Qf7 28.Ne7+ Kf8
29.Rc7 Qxb3 30.Nxg6+ Kg8 31.axb3 Rd7 32.Ne7+  1-0

[Event "AUT-chT 9899"]
[Site "AUT"]
[Date "1998.??.??"]
[Round "?"]
[White "Herndl, Harald"]
[Black "Schroll, Gerhard"]
[Result "1/2-1/2"]
[WhiteElo "2370"]
[BlackElo "2395"]

1.d4 d5 2.c4 e6 3.Nc3 Be7 4.Nf3 Nf6 5.Bf4 O-O 6.e3 c5 7.dxc5 Bxc5 8.Qc2 Nc6
9.a3 Qa5 10.Nd2 Bb4 11.Rc1 Bxc3 12.Qxc3 Qxc3 13.Rxc3 e5 14.Bg5 d4 15.Rc1 Nd7
16.exd4 exd4 17.f3 Nc5 18.b4 Re8+ 19.Kf2 Ne6 20.Bh4 f5 21.Re1 Bd7 22.b5 Na5
23.g4 fxg4 24.fxg4 Rf8+ 25.Nf3 Rf7 26.Kg3 Raf8 27.Ne5 g5 28.Nxd7 gxh4+ 29.Kxh4 Rxd7
30.Rxe6 d3 31.c5 Rc8 32.Rd6 Rxd6 33.cxd6 d2 34.Be2 Rd8 35.Kg3 Rxd6 36.Kf4 Re6
37.Kf3 Kg7 38.Rd1 Nb3 39.Bc4 Nd4+ 40.Kf2 Rf6+ 41.Ke3 Nc2+ 42.Kxd2 Nxa3 43.Kc3 Nxc4
44.Kxc4 Kg6 45.h3 a6 46.Rd7 Rf4+ 47.Kc5 axb5 48.Kxb5 Rf3 49.Rd6+  1/2-1/2

[Event "Bayern-ch Bank Hofmann 2nd"]
[Site "Bad Wiesse"]
[Date "1998.??.??"]
[Round "4"]
[White "Medancic, Rikard"]
[Black "Bartels, Holger"]
[Result "1-0"]
[WhiteElo "2230"]
[BlackElo "2150"]

1.d4 d5 2.c4 e6 3.Nc3 Nf6 4.Nf3 Be7 5.Bf4 O-O 6.e3 c5 7.dxc5 Bxc5 8.a3 a6
9.b4 Be7 10.Be2 dxc4 11.Bxc4 b5 12.Be2 Bb7 13.O-O Nbd7 14.Rc1 Rc8 15.h3 Nb6
16.Qb3 Nbd5 17.Be5 Nxc3 18.Bxc3 Ne4 19.Bd4 Qd5 20.Qb2 Bf6 21.Bxf6 Nxf6 22.Rfd1 Rxc1
23.Qxc1 Rc8 24.Qb2 Qc6 25.Bf1 Qc7 26.Ne5 Rd8 27.Rc1 Qd6 28.Nd3 Ne4 29.f3 Ng3
30.Nc5 Bd5 31.Bd3 h5 32.Rd1 Bc4 33.Bh7+ Kxh7 34.Rxd6 Rxd6 35.Qc2+ g6 36.h4 Nf1
37.Ne4 Rd3 38.Qb2 Nxe3 39.Nf6+ Kh6 40.Ng8+ Kh7 41.Nf6+ Kh6 42.Ne8 e5 43.Qxe5 Rd1+
44.Kf2 Rd2+ 45.Kxe3 Re2+ 46.Kf4 Rxe5 47.Kxe5 g5 48.g3 gxh4 49.gxh4 Kg6 50.f4 Bd3
51.Nf6 Bc2 52.Nd5 Bb3 53.f5+ Kg7 54.f6+ Kh7 55.Nc7 Kg6 56.Nxa6 Bc4 57.Nc5 Be2
58.a4 bxa4 59.Nxa4 Ba6 60.Nc3  1-0

[Event "Bayern-ch Bank Hofmann 2nd"]
[Site "Bad Wiesse"]
[Date "1998.??.??"]
[Round "6"]
[White "Epishin, Vladimir"]
[Black "Jaenig, Reinhard"]
[Result "1-0"]
[WhiteElo "2585"]
[BlackElo "2215"]

1.d4 d5 2.c4 e6 3.Nc3 Nf6 4.Nf3 Be7 5.Bf4 c6 6.e3 O-O 7.h3 Nbd7 8.Rc1 b6
9.cxd5 exd5 10.Bd3 Bb7 11.O-O a6 12.Bf5 c5 13.dxc5 bxc5 14.Qb3 Qb6 15.Rfd1 Qxb3
16.axb3 d4 17.exd4 Bxf3 18.gxf3 cxd4 19.Bxd7 Nxd7 20.Nd5 Bc5 21.b4 Ba7 22.Nc7 Rab8
23.Nxa6 Rbc8 24.b5 f6 25.Bc7 Rfe8 26.Kf1 Kf7 27.b4 Re6 28.Rc6 Nf8 29.Rdc1 Ke8
30.Bd6 Rxc6 31.bxc6  1-0

[Event "Bayern-ch Bank Hofmann 2nd"]
[Site "Bad Wiesse"]
[Date "1998.??.??"]
[Round "6"]
[White "Gabriel, Christian"]
[Black "Gurieli, Nino"]
[Result "1-0"]
[WhiteElo "2555"]
[BlackElo "2365"]

1.d4 d5 2.c4 e6 3.Nf3 Nf6 4.Nc3 Be7 5.Bf4 O-O 6.e3 c5 7.dxc5 Bxc5 8.a3 Nc6
9.Qc2 d4 10.O-O-O Qa5 11.exd4 Bxd4 12.Nxd4 Nxd4 13.Rxd4 e5 14.Bxe5 Qxe5 15.Qd2 Bf5
16.Be2 Rac8 17.Qf4 Qxf4+ 18.Rxf4 Be6 19.Rd1 Nd7 20.b3 a6 21.Kb2 g5 22.Re4 Nf6
23.Red4 Rfe8 24.Bf3 Rb8 25.g3 Kg7 26.R1d2 h5 27.c5 Bg4 28.Bg2 Be6 29.h3 Rh8
30.Rd6 h4 31.g4 Rhe8 32.Rb6 Red8 33.Rxd8 Rxd8 34.Kc2 Nd7 35.Rd6 Bxb3+ 36.Kc1 Be6
37.Bd5 Kf8 38.Ne4 Ke7 39.Bxb7 Rb8 40.c6 Nc5 41.c7 Rxb7 42.Rxe6+ Nxe6 43.c8=Q Rc7+
44.Qxc7+ Nxc7 45.Nxg5 Nd5 46.Nf3 Nf4 47.Kd2 Nxh3 48.Ke3 f5 49.gxf5 Kf6 50.Nxh4 Ng5
51.f4 Nf7 52.Kd4 Nd6 53.Kc5 Nb5 54.a4 Nc3 55.a5 Na2 56.Kb6 Nb4 57.Kb7 Nd5
58.Kxa6 Nxf4 59.Kb7  1-0

[Event "Bayern-ch Bank Hofmann 2nd"]
[Site "Bad Wiesse"]
[Date "1998.??.??"]
[Round "6"]
[White "Bischoff, Klaus"]
[Black "Hedke, Fred"]
[Result "1/2-1/2"]
[WhiteElo "2550"]
[BlackElo "2350"]

1.d4 d5 2.c4 e6 3.Nc3 Nf6 4.Nf3 Be7 5.Bf4 O-O 6.e3 c5 7.dxc5 Bxc5 8.cxd5 Nxd5
9.Nxd5 exd5 10.Bd3 Bb4+ 11.Ke2 Nc6 12.Qc2 h6 13.Rhd1 Be6 14.Kf1 Bd6 15.Bxd6 Qxd6
16.Be2 Rfd8 17.Kg1 Rac8 18.Qa4 a6 19.Rd2 Rc7 20.Rad1 Ne5 21.Nxe5 Qxe5 22.Qb4 Rcd7
23.Rd4 g6 24.Bf3 Kg7 25.h4 h5 26.a3 Kh7 27.Qd2 Qf6 28.Rc1 Qe5 29.g3 Kg8 30.Rc5 Qd6
31.Qc3 Qe7 32.Bg2 Kh7 33.b4 Kg8 34.Qd2 Kh7 35.Qc3 Kg8 36.Rd1 Kh7 37.Qd4 Qf8
38.Qc3 Qe7 39.Bf3 Qf8 40.Kg2 Qe7 41.Rd2 Kg8 42.Qd4 Kh7 43.Kg1 Qd6 44.Qc3 Qf8
45.Rd4 Qe7 46.Qc1 Qf6 47.Qd1 Qe7 48.Kg2 Qf6 49.a4 Qe7 50.a5 Kg8 51.Kg1 Rd6
52.Qd2 R6d7 53.Bg2 Rd6 54.Qc3 R6d7 55.Rd1 Kh7 56.Qd4 Rd6 57.Rdc1 R6d7 58.Rc8 Qe8
59.Rxd8 Qxd8 60.Rc5 Rd6 61.Rc1 b6 62.Ra1 bxa5 63.Rxa5 Qb6 64.Rc5 Qd8 65.Bf1 Qh8
66.Qf4 Qd8 67.Bd3 Kg8 68.Qd4 Kh7 69.Ra5 Qc8 70.Bf1 Rc6 71.Ra1 Rc1 72.Qb2 Rxa1
73.Qxa1 Qb7 74.Qa5 Bc8 75.Qc5 Bd7 76.Qe7 Bc6 77.Qxb7 Bxb7 78.Bd3 Kg7 79.Kf1 Kf6
80.Ke2 Ke5 81.f4+ Ke6 82.Kd2 f5 83.Kc3 Kd6 84.Kd4 Bc8 85.Kc3 Bb7 86.Be2 Bc8
87.Bd1 Bd7 88.Be2 Bc8 89.Bf1 Bb7 90.Bd3 Bc8 91.Kb3 Kc6 92.b5+ axb5 93.Kb4 Kd6
94.Bxb5 Ke6 95.Kc5 Kf6 96.Kxd5 Bb7+ 97.Kd6 Be4 98.Bc6 Bc2 99.Bd5 Ba4 100.Bc6 Bb3
101.Kd7 Kf7 102.Bb5 Ba2 103.Kd6 Kf6 104.Bc6 Bb3 105.Bd5 Ba4 106.Bc4 Bc2 107.Bb5 Bb3
108.Bc6 Bc4 109.Kd7 Kf7 110.Ba4 Bd5 111.Kd6 Bc4 112.Ke5 Ba2 113.Bc6 Kg7 114.Bb7 Bb3
115.Bf3 Bc4 116.Bd1 Bd3 117.Bb3 Bb5 118.Bd5 Bd3 119.Bf3 Bc2 120.Bc6 Bb1 121.e4 fxe4
122.Bxe4 Ba2 123.Bc6 Bb1 124.Be8 Bc2 125.Bb5 Bb1 126.Be2 Bc2 127.Bf1 Bb1
128.Bh3 Bc2 129.Ke6 Bb1 130.Ke7 Bc2 131.Be6 Bd3 132.f5 gxf5 133.Bf7 Kh6 134.Kf6 Be4
135.Be6 Bd3 136.Bxf5 Bc4  1/2-1/2

[Event "Bayern-ch Bank Hofmann 2nd"]
[Site "Bad Wiesse"]
[Date "1998.??.??"]
[Round "9"]
[White "Bunzmann, Dimitrij"]
[Black "Lutz, Christopher"]
[Result "1/2-1/2"]
[WhiteElo "2455"]
[BlackElo "2600"]

1.d4 Nf6 2.c4 e6 3.Nf3 d5 4.Nc3 Be7 5.Bf4 O-O 6.e3 c5 7.dxc5 Bxc5 8.Be2 dxc4
9.Bxc4 a6 10.Qxd8 Rxd8 11.Rc1 b5 12.Be2 Nbd7 13.O-O Bb7 14.Rfd1 Rac8 15.Ne5 Be7
16.Bf3 Bxf3 17.Nxf3 Nb6 18.Rxd8+ Bxd8 19.Ne2 Nfd5 20.Be5 f6 21.Rxc8 Nxc8
22.Bd4 e5 23.Bc5 Bb6 24.Bxb6 Ncxb6 25.Ne1 Nb4 26.a3 Nc6 27.Nd3 Nc4 28.Nc3 Kf7
29.Kf1 Nb8  1/2-1/2

[Event "Regionalliga SO9798"]
[Site "Bayern"]
[Date "1998.??.??"]
[Round "?"]
[White "Holzmann, Max"]
[Black "Flassak, Bernhard"]
[Result "0-1"]
[WhiteElo "1890"]
[BlackElo "1915"]

1.d4 Nf6 2.c4 e6 3.Nc3 d5 4.Nf3 Be7 5.Bf4 O-O 6.e3 b6 7.cxd5 exd5 8.Be2 Bb7
9.O-O Nbd7 10.h3 c5 11.Rc1 Ne4 12.dxc5 Ndxc5 13.Nb5 a6 14.Nbd4 Bd6 15.Bxd6 Nxd6
16.Nb3 Rc8 17.Nxc5 bxc5 18.Qd3 Qa5 19.a3 Ne4 20.Rfd1 c4 21.Qd4 c3 22.Bd3 Rfe8
23.Ne1 g6 24.b4 Qxa3 25.Nc2 Qa4 26.f3 Nd2 27.Qf4 Nc4 28.Ra1 Qc6 29.Re1 Nb2
30.Bf1 Qb6 31.Ra3 Re7 32.h4 Nc4 33.Rxc3 Rec7 34.Bxc4 Rxc4 35.Rxc4 Rxc4 36.Nd4 Qxb4
37.Re2 a5 38.h5 Qe7 39.Qb8+ Rc8 40.Qf4 Ba6 41.Ra2 Rc5 42.hxg6 hxg6 43.Kh2 Bc4
44.Rb2 Rc8 45.Qg4 Qc7+ 46.f4 Bd3 47.Rb6 Kg7 48.Rc6 Rh8+ 49.Kg3 Qe7 50.Kf2 Rh1
51.Ne2 Qb4 52.Nc3 Rf1+ 53.Kg3 Qb2 54.Rc7 Qf2+ 55.Kh2 Qg1+  0-1

[Event "Landesliga Nord 9899"]
[Site "Bayern"]
[Date "1998.??.??"]
[Round "?"]
[White "Neumann, Petr"]
[Black "Giessmann, Stephan"]
[Result "1-0"]
[WhiteElo "2350"]
[BlackElo "2160"]

1.d4 d5 2.c4 e6 3.Nc3 Nf6 4.Nf3 Be7 5.Bf4 O-O 6.e3 b6 7.Bd3 Bb7 8.cxd5 exd5
9.Ne5 c5 10.Qf3 Nc6 11.O-O a6 12.Rac1 Ra7 13.Rfd1 Nb4 14.Bb1 c4 15.g4 b5
16.a3 Nc6 17.g5 Ne8 18.Qxd5 Nxe5 19.Qxe5 f6 20.Qe6+ Kh8 21.Qh3 f5 22.g6 Nf6
23.Bxf5  1-0

[Event "Berliner Sommer 16th"]
[Site "Berlin"]
[Date "1998.??.??"]
[Round "2"]
[White "Ruzele, Darius"]
[Black "Thielsch, Norman"]
[Result "1/2-1/2"]
[WhiteElo "2475"]
[BlackElo "2240"]

1.d4 d5 2.c4 e6 3.Nc3 Nf6 4.Nf3 Be7 5.Bf4 c6 6.e3 Nbd7 7.c5 Nh5 8.b4 Nxf4
9.exf4 Qc7 10.g3 b6 11.Bd3 a5 12.a3 Ba6 13.O-O Bxd3 14.Qxd3 O-O 15.Qe3 Bf6
16.h4 Rfb8 17.Ne5 bxc5 18.bxc5 Rb7 19.Rfb1 Rab8 20.Qe1 Nxe5 21.fxe5 Bd8 22.Qd1 Rxb1
23.Rxb1 Rb7 24.Kg2 Qb8 25.Rxb7 Qxb7 26.Qb1 Qxb1 27.Nxb1 f6 28.f4 fxe5 29.fxe5 g5
30.hxg5 Bxg5 31.Kf3  1/2-1/2

[Event "Berliner Sommer 16th"]
[Site "Berlin"]
[Date "1998.??.??"]
[Round "2"]
[White "Zschaebitz, Klaus"]
[Black "Sulipa, Aleksandar"]
[Result "1-0"]
[WhiteElo "2220"]
[BlackElo "2415"]

1.d4 Nf6 2.Nf3 e6 3.c4 d5 4.Nc3 Be7 5.Bf4 O-O 6.e3 c6 7.h3 Nbd7 8.Qc2 a6
9.c5 b6 10.cxb6 Qxb6 11.Be2 c5 12.O-O Bb7 13.dxc5 Nxc5 14.Rac1 Rfc8 15.Qb1 a5
16.Be5 Nfd7 17.Bd4 Qd6 18.Nb5 Qb8 19.b3 e5 20.Bb2 Bc6 21.a4 Nxb3 22.Rc2 Nbc5
23.Rfc1 f6 24.Nd2 Qb6 25.Ba3 Bf8 26.Bg4 Bb7 27.Bxc5 Nxc5 28.Bxc8 Rxc8 29.Qa2 Rd8
30.Rb1 Na6 31.Qb3 Nb4 32.Rc3 Kh8 33.Rbc1 Rd7 34.Qb1 Rd8 35.Nc7 Bd6 36.Qf5 Bc8
37.Qh5 Bd7 38.Qd1 Bf8 39.Qb3 d4 40.exd4 exd4 41.Rc4 d3 42.Ne4 Bf5 43.Nd2 h6
44.Rc6 Qb8 45.R6c3 Bd6 46.Qf7 Rf8 47.Qc4 Bxc7 48.Qxc7 Na2 49.Rb1 Qe8 50.Ra3 Nb4
51.Qxa5 Nc2 52.Rab3 Qe6 53.Rb6 Qd7 54.Qb5  1-0

[Event "Berliner Sommer 16th"]
[Site "Berlin"]
[Date "1998.??.??"]
[Round "6"]
[White "Savchenko, Stanislav"]
[Black "Sturua, Zurab"]
[Result "1/2-1/2"]
[WhiteElo "2555"]
[BlackElo "2600"]

1.Nf3 d5 2.d4 Nf6 3.c4 e6 4.Nc3 Be7 5.Bf4 O-O 6.e3 c5 7.dxc5 Bxc5 8.a3 Nc6
9.Rc1 a6 10.b4 Be7 11.cxd5 exd5 12.Be2 Be6 13.O-O Nh5 14.Be5 Nxe5 15.Nxe5 Nf6
16.Qd4 Bd6 17.Nd3 Rc8 18.Nf4 Rc6 19.b5 Rc5 20.bxa6 bxa6 21.Bxa6 Qa5 22.Bd3 Bxf4
23.exf4 Rfc8 24.Ne2 Rxc1  1/2-1/2

[Event "Biel op"]
[Site "Biel"]
[Date "1998.??.??"]
[Round "4"]
[White "Adianto, Utut"]
[Black "Mikhalevski, Alexander"]
[Result "1/2-1/2"]
[WhiteElo "2615"]
[BlackElo "2485"]

1.d4 d5 2.c4 e6 3.Nc3 Be7 4.Nf3 Nf6 5.Bf4 O-O 6.e3 c5 7.dxc5 Bxc5 8.cxd5 Nxd5
9.Nxd5 exd5 10.Bd3 Bb4+ 11.Kf1 Nc6 12.h4 Bd6 13.Bxd6 Qxd6 14.h5 Qf6 15.Rh4 Qxb2
16.Rb1 Qf6 17.Rf4 Qe7 18.h6 g5 19.Rf5 Bxf5 20.Bxf5 Qf6 21.g4 Ne7 22.Nd4 Qxh6
23.Qf3 Qf6 24.Bxh7+ Kg7 25.Qxf6+ Kxf6 26.Rxb7 Rfb8 27.Rd7 Rb2 28.a4 Rb4 29.a5 Ra4
30.Kg2 Rxa5 31.Rxe7 Kxe7 32.Nc6+ Kd6 33.Nxa5 Rb8 34.Bd3 Kc5 35.Bc2 Rb2 36.Nb3+ Kb4
37.Nd4 a5 38.Kg3 Kc4 39.Ba4 Rb4 40.Be8 Rb7 41.Nc6 a4 42.Na5+ Kb4 43.Nxb7 a3
44.Nd8 f6 45.Nc6+ Kc3 46.Nd4 a2 47.Bf7 a1=Q 48.Bxd5 Qg1+ 49.Bg2 Kd3 50.Nf5 Ke2
51.Nd4+ Kd3 52.Nf5 Qc1 53.Bf3 Kd2 54.Kg2 Ke1 55.Nd4 Qb2 56.Be2 Qb1 57.Bf3  1/2-1/2

[Event "Biel"]
[Site "Biel"]
[Date "1998.??.??"]
[Round "8"]
[White "Bagirov, Rufat"]
[Black "Marciano, David"]
[Result "1-0"]
[WhiteElo "2325"]
[BlackElo "2485"]

1.d4 d5 2.c4 e6 3.Nc3 Be7 4.Nf3 Nf6 5.Bf4 O-O 6.e3 c5 7.dxc5 Bxc5 8.Qc2 Nc6
9.a3 Qa5 10.O-O-O Be7 11.g4 dxc4 12.Bxc4 e5 13.g5 exf4 14.gxf6 Bxf6 15.Nd5 Ne7
16.Nxf6+ gxf6 17.Nd4 Qe5 18.Rhg1+ Kh8 19.exf4 Qxf4+ 20.Kb1 Bg4 21.Be2 Bxe2
22.Nxe2 Qe5 23.Rd4 Rad8 24.Qxh7+  1-0

[Event "NLD-chT f"]
[Site "Breda"]
[Date "1998.??.??"]
[Round "?"]
[White "Van der Sterren, Paul"]
[Black "Vaganian, Rafael A"]
[Result "1-0"]
[WhiteElo "2550"]
[BlackElo "2630"]

1.d4 d5 2.c4 e6 3.Nc3 Be7 4.Nf3 Nf6 5.Bf4 c6 6.e3 Nbd7 7.h3 O-O 8.Qc2 a6
9.a4 b6 10.cxd5 exd5 11.Be2 Bb7 12.O-O Re8 13.Rfd1 Nf8 14.Qb3 Ng6 15.Bh2 a5
16.Rac1 Bb4 17.Na2 Bf8 18.Bd3 Nd7 19.Bf5 Nb8 20.Bxg6 hxg6 21.Ne5 Re6 22.Nc3 Na6
23.e4 Nb4 24.exd5 cxd5 25.Nb5 Rc8 26.Qf3 Re7 27.Bg3 Ba6 28.Qg4 Re8 29.Rc3 Rxc3
30.bxc3 Na2 31.Qf3 Qf6 32.Qxd5 Bxb5 33.Qxa2 Ba6 34.Rb1 Re7 35.Qd5 Bc8 36.Qd8 Bf5
37.Rxb6 Re6 38.Rb8 Qxd8 39.Rxd8 f6 40.Nd7 Re1+ 41.Kh2 Bxd7 42.Rxd7 Ra1 43.d5 Rxa4
44.d6 Ra1 45.c4 Rc1 46.Rc7 a4 47.c5 a3 48.d7 Be7 49.Bd6 a2 50.Ra7 Rd1 51.Bxe7 Rxd7
52.Ra8+  1-0

[Event "NLD-chT sf"]
[Site "Breda"]
[Date "1998.??.??"]
[Round "?"]
[White "Strating, Sybolt"]
[Black "Van der Sterren, Paul"]
[Result "0-1"]
[WhiteElo "2275"]
[BlackElo "2550"]

1.d4 Nf6 2.c4 e6 3.Nf3 d5 4.Nc3 Be7 5.Bf4 O-O 6.e3 c5 7.dxc5 Bxc5 8.cxd5 Nxd5
9.Nxd5 exd5 10.Bd3 Bb4+ 11.Ke2 Nc6 12.h3 Re8 13.Qb3 h6 14.a3 Bf8 15.Rhd1 Qf6
16.Bg3 d4 17.e4 Bd6 18.Bxd6 Qxd6 19.Kf1 Qf4 20.Qc2 Qf6 21.e5 Nxe5 22.Nxd4 Nxd3
23.Rxd3 b6 24.b4 Rd8 25.Qb2 Ba6 26.b5 Bxb5 27.Qxb5 Rxd4 28.Rad1 Rad8 29.Rxd4 Rxd4
30.Rxd4 Qxd4 31.Qe8+ Kh7 32.Kg1 Qd1+ 33.Kh2 Qd5 34.a4 a6 35.Qc8 Qe5+ 36.Kh1 b5
37.a5 Qe6 38.Qc3 Qc4 39.Qf3 b4 40.Qf5+ g6 41.Qf6 h5 42.Kh2 Kg8 43.f4 b3 44.Kg3 Qb5
45.Qd8+ Kh7 46.Qf6 Qd3+ 47.Kh2 Qf5 48.Qd4 Qxa5 49.Qc4 Qf5 50.Qxb3 Qxf4+ 51.Kh1 h4
52.Qa2 Qc1+ 53.Kh2 Qc7+ 54.Kh1 a5 55.Qa4 Qc1+ 56.Kh2 Qe1 57.Qc4 Qe7 58.Kh1 Qf6
59.Qa4 Qf1+ 60.Kh2 Qe1 61.Qc4 Kg7 62.Qc5 Qb4 63.Qe5+ f6 64.Qc7+ Kh6 65.Qc1+ Kh5
66.g4+ hxg3+ 67.Kxg3 Qh4+ 68.Kh2 Qf2+ 69.Kh1 Qf3+ 70.Kh2 Qe2+ 71.Kg3 a4 72.Qc8 Qe3+
73.Kg2 a3 74.Qa8 Qd2+ 75.Kg3 Qc3+ 76.Kf4 Qc4+  0-1

[Event "Magistral Int"]
[Site "Buenos Aires"]
[Date "1998.??.??"]
[Round "?"]
[White "Vescovi, Giovanni"]
[Black "Soppe, Guillermo"]
[Result "1/2-1/2"]
[WhiteElo "2480"]
[BlackElo "2455"]

1.d4 Nf6 2.c4 e6 3.Nf3 d5 4.Nc3 Be7 5.Bf4 O-O 6.e3 c5 7.dxc5 Bxc5 8.a3 Nc6
9.Rc1 dxc4 10.Bxc4 Qxd1+ 11.Kxd1 Bd7 12.Ke2 Rfd8 13.b4 Be7 14.h3 Rac8 15.Bb3 Nxb4
16.Ne5 Nc6 17.Nxd7 Rxd7 18.Nb1 Bd6 19.Bxd6 Rxd6 20.g4 Rcd8 21.g5 Ne4 22.Bc2 Nd2
23.Nc3 Nc4 24.Ne4 R6d7 25.Ba4 Nxa3  1/2-1/2

[Event "CZE-chT2 9798"]
[Site "CZE"]
[Date "1998.??.??"]
[Round "11.3"]
[White "Kozak, Milos"]
[Black "Efler, Lukas"]
[Result "1-0"]
[WhiteElo "2290"]
[BlackElo "2300"]

1.Nf3 Nf6 2.d4 d5 3.c4 e6 4.Nc3 Be7 5.Bf4 a6 6.e3 O-O 7.c5 b5 8.b4 Bb7 9.Be2 Ne4
10.Nxe4 dxe4 11.Nd2 f5 12.a4 g5 13.Be5 bxa4 14.Qxa4 Bf6 15.Nc4 Nc6 16.Rd1 Bxe5
17.Nxe5 Qe8 18.Bc4 Kg7 19.Nxc6 Bxc6 20.Qa5 Rf7 21.O-O Bb5 22.Qa2 Rf6 23.d5 exd5
24.Bxb5 axb5 25.Qxd5 Ra4 26.Rd4 c6 27.Qb3 Ra7 28.Rfd1 Qe5 29.Rd7+ Rxd7 30.Rxd7+ Kh6
31.h4 gxh4 32.Qg8 Rg6 33.Rxh7+ Kg5 34.Qd8+ Qf6 35.Qc7 f4 36.exf4+ Kg4 37.Qd7+ Qe6
38.Qd1+ Kxf4 39.Rxh4+ Ke5 40.Rh5+ Kf6 41.Qd8+ Kf7 42.Rh7+  1-0

[Event "POL-ch sf"]
[Site "Czestochowa"]
[Date "1998.??.??"]
[Round "5"]
[White "Jedynak, Radoslaw"]
[Black "Jakubowski, Krzysztof"]
[Result "1/2-1/2"]
[WhiteElo "2220"]
[BlackElo "2235"]

1.d4 d5 2.c4 e6 3.Nc3 Be7 4.Nf3 Nf6 5.Bf4 c5 6.dxc5 Na6 7.e3 Nxc5 8.Be2 O-O
9.O-O a6 10.cxd5 exd5 11.Qc2 Be6 12.Rac1 Rc8 13.Rfd1 b5 14.Nd4 Qa5 15.Nf5 Bd8
16.Bd6 Re8 17.b4 Qxb4 18.Nxd5 Nxd5 19.Bxc5 Bxf5 20.Qxf5 Rxc5 21.Rxc5 Qxc5
22.Rxd5 Qc1+ 23.Rd1 Qb2 24.Qd7 Rf8 25.Bxb5 axb5 26.Qxd8  1/2-1/2

[Event "Dieren op"]
[Site "Dieren"]
[Date "1998.??.??"]
[Round "2"]
[White "Cifuentes Parada, Roberto"]
[Black "Den Dekker, W."]
[Result "1-0"]
[WhiteElo "2535"]
[BlackElo "2210"]

1.d4 d5 2.c4 e6 3.Nf3 Nf6 4.Nc3 Be7 5.Bf4 O-O 6.e3 c5 7.dxc5 Bxc5 8.a3 dxc4
9.Bxc4 a6 10.Qe2 b5 11.Bd3 Bb7 12.e4 Nbd7 13.O-O Re8 14.e5 Nd5 15.Nxd5 Bxd5
16.Ng5 Nf8 17.Qc2 Qe7 18.Nxh7 Rac8 19.Qb1 Nxh7 20.Bxh7+ Kh8 21.Be4 Bc4 22.Re1 Bd4
23.Qd1 f5 24.exf6 Qxf6 25.Qh5+ Kg8 26.Bh7+ Kf8 27.Bd6+ Re7 28.Bg6 e5 29.Re3 Bxe3
30.fxe3 Qxd6 31.Qh8+ Bg8 32.Rf1+ Qf6 33.Rxf6+ gxf6 34.Qxf6+ Bf7 35.h4 Ke8
36.Bxf7+ Rxf7 37.Qe6+  1-0

[Event "Centrocoop Sept op-B"]
[Site "Eforie Nord"]
[Date "1998.??.??"]
[Round "?"]
[White "Costescu, Marina"]
[Black "Susterman, Bela"]
[Result "1-0"]
[WhiteElo "2050"]
[BlackElo "2015"]

1.d4 d5 2.c4 e6 3.Nc3 Nf6 4.Nf3 Be7 5.Bf4 c6 6.e3 O-O 7.h3 Nbd7 8.Rc1 Re8
9.Bd3 Nf8 10.O-O dxc4 11.Bxc4 Nd5 12.Bh2 Bd6 13.Bxd6 Qxd6 14.e4 Nxc3 15.Rxc3 Ng6
16.Ng5 h6 17.e5 Qe7 18.Ne4 Rf8 19.Rg3 b6 20.Nd6 Bd7 21.f4 c5 22.f5 Nxe5 23.dxe5 exf5
24.Nxf5 Bxf5 25.Rxf5 Qh4 26.Rg4 Qe7 27.Qd2 Kh7 28.Bd3 Kh8 29.Rf6  1-0

[Event "NRW-Liga I 9899"]
[Site "GER"]
[Date "1998.??.??"]
[Round "1"]
[White "Delemarre, Jop"]
[Black "Eng, Holger"]
[Result "1-0"]
[WhiteElo "2420"]
[BlackElo "2355"]

1.d4 d5 2.c4 e6 3.Nf3 Nf6 4.Nc3 Be7 5.Bf4 O-O 6.e3 c5 7.dxc5 Bxc5 8.a3 Nc6
9.Qc2 Bd6 10.Bg5 Ne5 11.cxd5 Nxf3+ 12.gxf3 exd5 13.O-O-O Be6 14.Kb1 Rc8 15.Qa4 Be5
16.Nb5 a6 17.Nd4 Qb6 18.Qb4 Qxb4 19.axb4 Nd7 20.Bh4 Bxd4 21.Rxd4 Ne5 22.Be2 Nc6
23.Rd2 Rfe8 24.b5 Nb4 25.b3 Rc3 26.bxa6 Rxb3+ 27.Rb2 Rxb2+ 28.Kxb2 bxa6 29.Ra1 Rb8
30.Bg3 Rb6 31.Kc3 d4+ 32.Kxd4 Rc6 33.Ra4 Nc2+ 34.Ke4 Bc8 35.Bc4 Bb7 36.Kd3 Ne1+
37.Ke2 Nxf3 38.Rb4  1-0

[Event "NRW-Liga II 9899"]
[Site "GER"]
[Date "1998.??.??"]
[Round "2"]
[White "Novak, Petr"]
[Black "Winkeler, Uwe"]
[Result "1/2-1/2"]
[WhiteElo "2185"]
[BlackElo "2250"]

1.d4 Nf6 2.c4 e6 3.Nf3 d5 4.Nc3 Be7 5.Bf4 O-O 6.e3 c5 7.dxc5 Bxc5 8.cxd5 exd5
9.Bd3 Nc6 10.O-O Be6 11.Rc1 Be7 12.Nb5 Rc8 13.Qd2 Nh5 14.Bg3 Nxg3 15.hxg3 Bf6
16.Rfd1 a6 17.Nc3 Qa5 18.a3 Rfd8 19.Ne2 Qxd2 20.Rxd2 d4 21.e4 Bg4 22.Rdc2 Rb8
23.Ne1 Kf8 24.f4 h5 25.Nf3 Bxf3 26.gxf3 Be7 27.Kg2 g6 28.Rd2 Na5 29.Rdc2 Nc6
30.b4 Rd7 31.e5 Rbd8 32.Rd1 h4 33.Rh1 hxg3 34.Nxg3 Kg7 35.Ne4 Rh8 36.Rxh8 Kxh8
37.Kf2 Kg7 38.Ke2 Rd8 39.Bxa6 Nxb4 40.axb4 bxa6 41.Rc4 Rd5 42.Kd3 Rb5 43.Nd6 Bxd6
44.exd6 Kf6 45.Rxd4 Rb8 46.Kc4 Ke6 47.Kc5 Kd7 48.Kd5 Rb5+ 49.Kc4 Rb6  1/2-1/2

[Event "NRW-Liga I 9899"]
[Site "GER"]
[Date "1998.??.??"]
[Round "2"]
[White "Fridman, Daniel"]
[Black "Meijers, Viesturs"]
[Result "1-0"]
[WhiteElo "2520"]
[BlackElo "2440"]

1.Nf3 Nf6 2.c4 e6 3.Nc3 d5 4.d4 Be7 5.Bf4 O-O 6.e3 b6 7.cxd5 Nxd5 8.Nxd5 exd5
9.Bd3 c5 10.O-O Nd7 11.Qc2 h6 12.dxc5 bxc5 13.Rfd1 Bb7 14.Bf5 Nf6 15.Be5 Qb6
16.Rd3 a5 17.Rb3 Qa6 18.Bxf6 gxf6 19.e4 Rfd8 20.Qc1 Bf8 21.Qf4 dxe4 22.Qg4+ Bg7
23.Nh4 e3 24.Rxe3 Rd4 25.f4 Kh8 26.Rg3 Rg8 27.Ng6+  1-0

[Event "Oberliga Ost B9798"]
[Site "Germany"]
[Date "1998.??.??"]
[Round "?.4"]
[White "Jugow, Alexander"]
[Black "Gasthofer, Viktor"]
[Result "0-1"]
[WhiteElo "2230"]
[BlackElo "2350"]

1.d4 e6 2.c4 d5 3.Nc3 Nf6 4.Nf3 Be7 5.Bf4 O-O 6.e3 c5 7.dxc5 Bxc5 8.Qc2 Nc6
9.a3 Qa5 10.O-O-O Be7 11.h4 a6 12.cxd5 exd5 13.Ng5 Rd8 14.Bd3 h6 15.Bh7+ Kf8
16.Bg6 fxg6 17.Qxg6 hxg5 18.hxg5 Bxa3 19.Rh8+ Ng8 20.Ne2 Ne7 21.Qh7 Qc5+
22.Kd2 Bb4+ 23.Nc3 d4 24.Ke1 Bf5  0-1

[Event "Bundesliga 9798"]
[Site "Germany"]
[Date "1998.??.??"]
[Round "?.3"]
[White "Piket, Jeroen"]
[Black "Toth, Bela"]
[Result "1-0"]
[WhiteElo "2630"]
[BlackElo "2395"]

1.d4 d5 2.c4 e6 3.Nc3 Be7 4.Nf3 Nf6 5.Bf4 O-O 6.e3 Nbd7 7.Qc2 c6 8.h3 Re8
9.a3 Nf8 10.Bd3 dxc4 11.Bxc4 Nd5 12.Bh2 Nxc3 13.Qxc3 Bd6 14.Bxd6 Qxd6 15.Rc1 Rd8
16.O-O Bd7 17.Ba2 Be8 18.Rfd1 Rac8 19.b4 Qe7 20.e4 Ng6 21.g3 h6 22.h4 Qc7
23.Nd2 e5 24.Nf3 exd4 25.Rxd4 Rxd4 26.Qxd4 b6 27.h5 Nf8 28.e5 Bd7 29.Qd6 Be6
30.Bxe6 Nxe6 31.Nh4 Qxd6 32.exd6 Nd4 33.Rc4 c5 34.bxc5 bxc5 35.Kg2 Rd8 36.Rxc5 Rxd6
37.Rc8+ Kh7 38.Rc7 Ra6 39.Rxf7 Rxa3 40.Ng6 Ra5 41.g4 Ne6 42.Re7 Nd8 43.Re8 Nf7
44.Rf8 Rg5 45.Rxf7 Rxg4+ 46.Kh3  1-0

[Event "Oberliga Nord O9798"]
[Site "Germany"]
[Date "1998.??.??"]
[Round "?"]
[White "Muse, Drazen"]
[Black "Mueller, Michael"]
[Result "1/2-1/2"]
[WhiteElo "2330"]
[BlackElo "2330"]

1.d4 d5 2.Nf3 e6 3.c4 Nf6 4.Nc3 Be7 5.Bf4 O-O 6.e3 a6 7.c5 b6 8.cxb6 cxb6
9.Bd3 Bb7 10.Ne5 Nbd7 11.Qf3 Bb4 12.O-O Bxc3 13.bxc3 Nxe5 14.Bxe5 Rc8 15.Rfc1 Rc6
16.a4 Nd7 17.Bg3 Qc8 18.Qe2 Rxc3 19.Qb2 Rc6 20.Rxc6 Qxc6 21.Rc1 Qxa4 22.Ra1 Qc6
23.Rc1  1/2-1/2

[Event "Oberliga Ost B9798"]
[Site "Germany"]
[Date "1998.??.??"]
[Round "?.1"]
[White "Vidoniak, Roman"]
[Black "Komsic, Drago"]
[Result "1-0"]
[WhiteElo "2415"]
[BlackElo "2350"]

1.d4 d5 2.Nf3 Nf6 3.c4 e6 4.Nc3 Be7 5.Bf4 c6 6.e3 Nbd7 7.Qc2 O-O 8.cxd5 exd5
9.Bd3 Re8 10.h3 Nf8 11.O-O-O b5 12.Ne5 Bb7 13.g4 a6 14.g5 N6d7 15.Rhg1 Nxe5
16.Bxe5 Qa5 17.Kb1 c5 18.Bxh7+ Nxh7 19.g6 Nf6 20.gxf7+ Kxf7 21.Qg6+ Ke6 22.Ne2 Qd8
23.Qxg7 Rf8 24.Rg6 Rg8 25.Rxf6+ Bxf6 26.Nf4+  1-0